[Event "ESP-ch U18"]
[Site "Salobrena"]
[Date "2023.08.04"]
[Round "7"]
[White "Perez Guerra, Raul"]
[Black "Villalba Embid, Marcos"]
[Result "1/2-1/2"]
[WhiteElo "2231"]
[BlackElo "2119"]
[PlyCount "101"]
[EventDate "2023.07.31"]
[EventType "swiss"]
[EventRounds "9"]
[EventCountry "ESP"]
[SourceTitle "CBM 215 Extra"]
[Source "ChessBase"]
[SourceDate "2023.09.30"]
[SourceVersion "1"]
[SourceVersionDate "2023.09.30"]
[SourceQuality "1"]

1. e4 c5 2. Nc3 e6 3. g3 d5 4. exd5 exd5 5. Bg2 Nf6 6. d3 d4 7. Ne4 Nxe4 8. dxe4 Nc6 9. Ne2 Be7 10. Nf4 0-0 11. 0-0 Re8 12. Nd5 Be6 13. Bf4 Rc8 14. h4 Bd6 15. Bg5 Qd7 16. c3 Bh3 17. Re1 Bxg2 18. Kxg2 f5 19. Qc2 fxe4 20. Rxe4 Rxe4 21. Qxe4 Re8 22. Qc2 Qf7 23. c4 h6 24. Bf4 Bxf4 25. Nxf4 Nb4 26. Qb3 g5 27. hxg5 hxg5 28. Nd3 Rf8 29. f4 Nxd3 30. Qxd3 gxf4 31. gxf4 Qg7+ 32. Qg3 Rxf4 33. Qxg7+ Kxg7 34. Kg3 Rf6 35. Re1 Kf7 36. Re5 b6 37. a3 Re6 38. Rd5 Ke7 39. Kf2 a5 40. b4 axb4 41. axb4 Rd6 42. Rh5 cxb4 43. Ke2 d3+ 44. Kd2 Kd7 45. Rg5 Kc6 46. Rb5 Rd4 47. Rxb4 Kc5 48. Rb5+ Kc6 49. Rb3 Kc5 50. Rb5+ Kxc4 51. Rxb6 1/2-1/2

[Event "ESP-ch U18"]
[Site "Salobrena"]
[Date "2023.08.02"]
[Round "4"]
[White "Martino Girones, Gonzalo"]
[Black "Villalba Embid, Marcos"]
[Result "0-1"]
[WhiteElo "1932"]
[BlackElo "2119"]
[PlyCount "120"]
[EventDate "2023.07.31"]
[EventType "swiss"]
[EventRounds "9"]
[EventCountry "ESP"]
[SourceTitle "CBM 215 Extra"]
[Source "ChessBase"]
[SourceDate "2023.09.30"]
[SourceVersion "1"]
[SourceVersionDate "2023.09.30"]
[SourceQuality "1"]

1. d4 Nf6 2. Nf3 g6 3. Nc3 d5 4. Bg5 Bg7 5. Bxf6 exf6 6. e3 0-0 7. Bd3 f5 8. Ne2 Be6 9. 0-0 Nd7 10. Rc1 Nf6 11. Nf4 c6 12. c4 Re8 13. cxd5 Bxd5 14. Nxd5 Nxd5 15. Qb3 Qe7 16. Rfe1 Rad8 17. a3 Qd7 18. Qc2 Re7 19. b4 a6 20. Bc4 Rde8 21. Ba2 h6 22. Bb1 Bf6 23. h3 Kg7 24. Qc5 Re6 25. Qc4 Qd6 26. Qc2 Bd8 27. Nd2 Bc7 28. Nf3 a5 29. Ba2 axb4 30. Bxd5 Qxd5 31. axb4 f4 32. Qd3 Bd6 33. Rb1 b5 34. Qb3 Qf5 35. Rbd1 fxe3 36. Rxe3 Rxe3 37. fxe3 Qe4 38. Rc1 Bxb4 39. Ne5 Rxe5 40. dxe5 Bd2 41. Rf1 Qxe3+ 42. Qxe3 Bxe3+ 43. Kh2 b4 44. Kg3 Bd4 45. Kf4 b3 46. Ke4 c5 47. Kd5 b2 48. Kc4 h5 49. Kd5 h4 50. Ke4 Kf8 51. Kd5 Ke7 52. Ke4 Kf8 53. Kd5 Kg7 54. Kc4 g5 55. Kd5 Kg6 56. Rf6+ Kh5 57. Rb6 g4 58. Ke4 Kg5 59. Rb7 Bc3 60. Rb6 Bb4 0-1

[Event "ESP-ch U18"]
[Site "Salobrena"]
[Date "2023.07.31"]
[Round "2"]
[White "Felipo Martinez, Marcos"]
[Black "Villalba Embid, Marcos"]
[Result "0-1"]
[WhiteElo "1929"]
[BlackElo "2119"]
[PlyCount "62"]
[EventDate "2023.07.31"]
[EventType "swiss"]
[EventRounds "9"]
[EventCountry "ESP"]
[SourceTitle "CBM 215 Extra"]
[Source "ChessBase"]
[SourceDate "2023.09.30"]
[SourceVersion "1"]
[SourceVersionDate "2023.09.30"]
[SourceQuality "1"]

1. c4 g6 2. Nc3 Bg7 3. Nf3 e5 4. g3 Nc6 5. Bg2 f5 6. d3 d6 7. 0-0 Nge7 8. Rb1 0-0 9. Bd2 h6 10. b4 g5 11. b5 Nb8 12. Qb3 Kh8 13. Ne1 Nd7 14. Na4 Rb8 15. Qa3 f4 16. c5 d5 17. Nc3 Nf6 18. Qxa7 Bg4 19. f3 Be6 20. b6 c6 21. Rb4 Nd7 22. Qa3 Nxc5 23. Na4 Ra8 24. Nc2 Nxa4 25. Rxa4 Rxa4 26. Qxa4 Qxb6+ 27. Kh1 Nf5 28. Bh3 Nxg3+ 29. hxg3 Bxh3 30. Rg1 Qf2 31. Ne1 fxg3 0-1

[Event "Aragon-chT Honor Gr II"]
[Site "Aragon"]
[Date "2023.03.11"]
[Round "7.11"]
[White "Miranda Herrera, Miguel"]
[Black "Villalba Embid, Marcos"]
[Result "1/2-1/2"]
[WhiteElo "1976"]
[BlackElo "2125"]
[PlyCount "29"]
[EventDate "2023.01.28"]
[EventType "team-tourn"]
[EventRounds "7"]
[EventCountry "ESP"]
[SourceTitle "EXT 2024"]
[Source "ChessBase"]
[SourceDate "2023.10.10"]
[SourceVersion "1"]
[SourceVersionDate "2023.10.10"]
[SourceQuality "1"]
[WhiteTeam "Marcos Frechin"]
[BlackTeam "Iberajedrez Mundo 64"]
[WhiteTeamCountry "ESP"]
[BlackTeamCountry "ESP"]

1. e4 c5 2. c3 Nf6 3. e5 Nd5 4. Nf3 e6 5. d4 cxd4 6. cxd4 d6 7. Bc4 Nb6 8. Bd3 Nc6 9. Nc3 dxe5 10. dxe5 Nb4 11. Be4 Qxd1+ 12. Kxd1 N4d5 13. Bxd5 Nxd5 14. Nxd5 exd5 15. Nd4 1/2-1/2

[Event "Aragon-chT Honor Gr II"]
[Site "Aragon"]
[Date "2023.02.25"]
[Round "5.16"]
[White "Villalba Embid, Marcos"]
[Black "Cerrajeria Ruiz, Jesus Maria"]
[Result "1/2-1/2"]
[WhiteElo "2125"]
[BlackElo "2064"]
[PlyCount "82"]
[EventDate "2023.01.28"]
[EventType "team-tourn"]
[EventRounds "7"]
[EventCountry "ESP"]
[SourceTitle "EXT 2024"]
[Source "ChessBase"]
[SourceDate "2023.10.10"]
[SourceVersion "1"]
[SourceVersionDate "2023.10.10"]
[SourceQuality "1"]
[WhiteTeam "Iberajedrez Mundo 64"]
[BlackTeam "Helios"]
[WhiteTeamCountry "ESP"]
[BlackTeamCountry "ESP"]

1. e4 c5 2. Nf3 Nc6 3. d4 cxd4 4. Nxd4 Nf6 5. Nc3 g6 6. Be3 Bg7 7. Bc4 0-0 8. Bb3 a5 9. 0-0 a4 10. Nxa4 Nxe4 11. Nb5 d5 12. Nb6 Ra5 13. Qxd5 Nd6 14. a4 Be6 15. Qd3 Nxb5 16. Qxd8 Rxd8 17. Bxe6 Nbd4 18. Bb3 Nxb3 19. cxb3 Bxb2 20. Rad1 Bd4 21. b4 Re5 22. b5 Bxe3 23. fxe3 Rxd1 24. Rxd1 Na5 25. Rd8+ Kg7 26. Kf2 Re6 27. Nd5 Re4 28. Nb6 Re6 29. Ra8 Nb3 30. Nd5 Re5 31. Nc7 Rc5 32. b6 Rc2+ 33. Kg3 Ra2 34. Ne8+ Kh6 35. Ra7 Nc5 36. a5 f5 37. h4 g5 38. hxg5+ Kxg5 39. Nc7 e5 40. Rxb7 f4+ 41. exf4+ exf4+ 1/2-1/2

[Event "Aragon-chT Honor Gr II"]
[Site "Aragon"]
[Date "2023.02.11"]
[Round "3.28"]
[White "Villalba Embid, Marcos"]
[Black "Chine Infantes, Miguel Angel"]
[Result "1-0"]
[WhiteElo "2125"]
[BlackElo "1814"]
[PlyCount "165"]
[EventDate "2023.01.28"]
[EventType "team-tourn"]
[EventRounds "7"]
[EventCountry "ESP"]
[SourceTitle "EXT 2024"]
[Source "ChessBase"]
[SourceDate "2023.10.10"]
[SourceVersion "1"]
[SourceVersionDate "2023.10.10"]
[SourceQuality "1"]
[WhiteTeam "Iberajedrez Mundo 64"]
[BlackTeam "Fraga"]
[WhiteTeamCountry "ESP"]
[BlackTeamCountry "ESP"]

1. e4 b6 2. d4 Bb7 3. Bd3 e6 4. Qe2 Nf6 5. Nf3 h6 6. Nbd2 Nc6 7. c3 d6 8. 0-0 Be7 9. e5 dxe5 10. dxe5 Nd7 11. Rd1 Bg5 12. Nf1 Bxc1 13. Raxc1 Qe7 14. b4 0-0 15. Ng3 Rad8 16. Re1 Ndxe5 17. Be4 Nxf3+ 18. Bxf3 Ba8 19. Qc4 Qe8 20. Qg4 Ne7 21. Nh5 Ng6 22. Bd1 Rd5 23. h4 Qe7 24. Bb3 Rf5 25. Qxf5 exf5 26. Rxe7 Nxe7 27. Rd1 Bc6 28. Nf4 g6 29. h5 Kg7 30. hxg6 Nxg6 31. Nh5+ Kh8 32. Rd4 f4 33. Nxf4 Nxf4 34. Rxf4 f5 35. Bc2 Bd5 36. a3 Be6 37. Kf1 Kg7 38. Ke2 h5 39. g3 Kf6 40. Kd2 Rd8+ 41. Kc1 Kg5 42. Bd1 Rd3 43. Kc2 Rd8 44. Be2 Re8 45. Kd3 Rd8+ 46. Kc2 Rd6 47. Rh4 Bf7 48. a4 Be8 49. b5 Bf7 50. Bc4 Be6 51. Kb3 c5 52. bxc6 Rxc6 53. Bxe6 Rxe6 54. Rd4 a5 55. Kc4 Re2 56. Rf4 Rb2 57. Kd5 Rb3 58. Kc6 Kf6 59. Rc4 Rb2 60. Rf4 Kg5 61. Kb7 b5 62. axb5 Rxb5+ 63. Kc6 Rb3 64. c4 Rb4 65. Kc5 Rb2 66. Kd6 Rd2+ 67. Kc6 Rb2 68. c5 Rb4 69. Kd7 Rb1 70. Rc4 Rb4 71. Rf4 Rxf4 72. gxf4+ Kxf4 73. c6 Kf3 74. c7 Kxf2 75. c8Q f4 76. Qc2+ Ke3 77. Qc1+ Ke4 78. Ke6 f3 79. Qd2 h4 80. Kf6 h3 81. Kg5 h2 82. Qxh2 Ke3 83. Qe5+ 1-0

[Event "Aragon-chT Honor Gr II"]
[Site "Aragon"]
[Date "2023.02.04"]
[Round "2.31"]
[White "Villalba Embid, Marcos"]
[Black "Sacristan Latorre, Alberto"]
[Result "1/2-1/2"]
[WhiteElo "2125"]
[BlackElo "2100"]
[PlyCount "59"]
[EventDate "2023.01.28"]
[EventType "team-tourn"]
[EventRounds "7"]
[EventCountry "ESP"]
[SourceTitle "EXT 2024"]
[Source "ChessBase"]
[SourceDate "2023.10.10"]
[SourceVersion "1"]
[SourceVersionDate "2023.10.10"]
[SourceQuality "1"]
[WhiteTeam "Iberajedrez Mundo 64"]
[BlackTeam "Palacio de Pioneros II"]
[WhiteTeamCountry "ESP"]
[BlackTeamCountry "ESP"]

1. e4 c5 2. Nf3 Nc6 3. d4 cxd4 4. Nxd4 g6 5. c4 Bg7 6. Be3 Nf6 7. Nc3 0-0 8. Be2 d6 9. 0-0 Bd7 10. h3 Nxd4 11. Bxd4 a6 12. Qc2 Rc8 13. a4 a5 14. Rad1 Bc6 15. c5 Qc7 16. cxd6 exd6 17. Bf3 Rfe8 18. Rfe1 Re7 19. Rc1 h5 20. Qd2 Qd7 21. b3 Rce8 22. Nd5 Bxd5 23. exd5 Rxe1+ 24. Rxe1 Rxe1+ 25. Qxe1 Qf5 26. Qc3 Qb1+ 27. Kh2 Qf5 28. Kg1 Qb1+ 29. Kh2 Qf5 30. Kg1 1/2-1/2

[Event "Lleida Christmas op"]
[Site "Lleida"]
[Date "2022.12.29"]
[Round "5"]
[White "Villalba Embid, Marcos"]
[Black "Esplugas Esteve, Vicenc"]
[Result "1/2-1/2"]
[WhiteElo "2125"]
[BlackElo "2310"]
[PlyCount "84"]
[EventDate "2022.12.27"]
[EventType "swiss"]
[EventRounds "8"]
[EventCountry "ESP"]
[SourceTitle "CBM 212 Extra"]
[Source "ChessBase"]
[SourceDate "2023.03.31"]
[SourceVersion "1"]
[SourceVersionDate "2023.03.31"]
[SourceQuality "1"]

1. e4 e6 2. d4 d5 3. e5 c5 4. c3 Nc6 5. Nf3 Nh6 6. Be3 Nf5 7. Qd2 Nxe3 8. Qxe3 Qb6 9. Qd2 Bd7 10. Be2 f6 11. 0-0 fxe5 12. Nxe5 Nxe5 13. dxe5 0-0-0 14. c4 Bc6 15. Bg4 dxc4 16. Qc2 Kb8 17. Na3 Rd4 18. Be2 Be7 19. Nxc4 Qc7 20. Rad1 b5 21. Rxd4 cxd4 22. Na5 Bd5 23. Qxc7+ Kxc7 24. Nb3 b4 25. Nxd4 Bc5 26. Nb3 Bb6 27. Rc1+ Kd7 28. Kf1 Rf8 29. f3 Be3 30. Bb5+ Kd8 31. Rc2 Rf5 32. Bc4 Rxe5 33. Bxd5 Rxd5 34. Ke2 Bf4 35. g3 Be5 36. Nc5 Ke7 37. Ne4 h6 38. h4 g6 39. b3 Ra5 40. Kd3 Rd5+ 41. Ke2 Ra5 42. Kd3 Rd5+ 1/2-1/2

[Event "Lleida Christmas op"]
[Site "Lleida"]
[Date "2022.12.27"]
[Round "1"]
[White "Villalba Embid, Marcos"]
[Black "Dea Ruiz, Jofre"]
[Result "1-0"]
[WhiteElo "2125"]
[BlackElo "1523"]
[PlyCount "81"]
[EventDate "2022.12.27"]
[EventType "swiss"]
[EventRounds "8"]
[EventCountry "ESP"]
[SourceTitle "CBM 212 Extra"]
[Source "ChessBase"]
[SourceDate "2023.03.31"]
[SourceVersion "1"]
[SourceVersionDate "2023.03.31"]
[SourceQuality "1"]

1. e4 c6 2. d4 d5 3. e5 c5 4. dxc5 e6 5. a3 Bxc5 6. b4 Be7 7. Bb2 a5 8. b5 Nd7 9. Nf3 f6 10. c4 Nxe5 11. Nxe5 fxe5 12. cxd5 exd5 13. Qh5+ g6 14. Qxe5 Nf6 15. Bd3 0-0 16. 0-0 Bd6 17. Qd4 b6 18. Nd2 Bb7 19. Rae1 Bc8 20. h3 Ra7 21. Nf3 Bc5 22. Qh4 Nh5 23. Qxd8 Rxd8 24. Nd4 Re7 25. Rxe7 Bxe7 26. Nc6 Rd7 27. Re1 Kf8 28. Nxe7 Rxe7 29. Rxe7 Kxe7 30. Bd4 Nf4 31. Bf1 a4 32. Bxb6 Bd7 33. Bc5+ Kd8 34. Bd6 g5 35. b6 Bc8 36. Bb5 d4 37. Bc6 d3 38. Bxf4 gxf4 39. b7 d2 40. bxc8Q+ Kxc8 41. Bxa4 1-0

[Event "ESP-ch U18 Rapid"]
[Site "Salobrena"]
[Date "2022.08.07"]
[Round "9"]
[White "Cesar Maestre, Bernardo"]
[Black "Villalba Embid, Marcos"]
[Result "1/2-1/2"]
[WhiteElo "1942"]
[BlackElo "1642"]
[PlyCount "72"]
[EventDate "2022.08.06"]
[EventType "swiss (rapid)"]
[EventRounds "9"]
[EventCountry "ESP"]
[SourceTitle "EXT 2023"]
[Source "ChessBase"]
[SourceDate "2022.10.05"]
[SourceVersion "1"]
[SourceVersionDate "2022.10.05"]
[SourceQuality "1"]

1. e4 c6 2. d4 Na6 3. c4 Nc7 4. Nc3 d6 5. Nf3 g6 6. Be2 Bg7 7. 0-0 Nf6 8. Bg5 Ne6 9. Bh4 Nf4 10. Re1 Nxe2+ 11. Qxe2 e5 12. dxe5 dxe5 13. Nxe5 0-0 14. Nd3 Qa5 15. a3 Qh5 16. Bxf6 Qxe2 17. Rxe2 Bxf6 18. e5 Be7 19. Rae1 Be6 20. Re4 Bf5 21. R4e3 Rfd8 22. Nf4 Bg5 23. Rf3 Bg4 24. Rg3 Bxf4 25. Rxg4 Bd2 26. Rb1 Bxc3 27. bxc3 Rd3 28. Rg3 Rad8 29. Rxd3 Rxd3 30. Kf1 b6 31. Rb3 Rd2 32. g3 c5 33. Kg2 Kf8 34. Kf3 Ke7 35. Ke3 Ra2 36. h4 h5 1/2-1/2

[Event "ESP-ch U18 Rapid"]
[Site "Salobrena"]
[Date "2022.08.07"]
[Round "6"]
[White "Fernandez Estremera, Fernando"]
[Black "Villalba Embid, Marcos"]
[Result "1/2-1/2"]
[WhiteElo "1834"]
[BlackElo "1642"]
[PlyCount "128"]
[EventDate "2022.08.06"]
[EventType "swiss (rapid)"]
[EventRounds "9"]
[EventCountry "ESP"]
[SourceTitle "EXT 2023"]
[Source "ChessBase"]
[SourceDate "2022.10.05"]
[SourceVersion "1"]
[SourceVersionDate "2022.10.05"]
[SourceQuality "1"]

1. d4 g6 2. Nc3 d5 3. Bf4 Nf6 4. Qd2 c6 5. Bh6 Bxh6 6. Qxh6 Bf5 7. 0-0-0 Na6 8. a3 Qd7 9. e3 Nc7 10. Bd3 Bxd3 11. Rxd3 0-0-0 12. Nf3 Qf5 13. Rf1 Nd7 14. Qg5 Qxg5 15. Nxg5 Rdf8 16. e4 h6 17. Nf3 dxe4 18. Nxe4 Nd5 19. g3 N7f6 20. Nxf6 exf6 21. c4 Nb6 22. b3 Re8 23. Kd2 a5 24. Rc1 Kb8 25. Re3 Rxe3 26. fxe3 Re8 27. Kd3 f5 28. Ne5 Re7 29. Rf1 Nd7 30. Nxd7+ Rxd7 31. Rf4 Kc7 32. e4 fxe4+ 33. Rxe4 Kd8 34. Re5 b6 35. Re1 Re7 36. Rf1 f5 37. d5 cxd5 38. cxd5 Re5 39. Kc4 Kc7 40. Rd1 Kd6 41. Rd2 g5 42. b4 axb4 43. axb4 b5+ 44. Kxb5 Rxd5+ 45. Rxd5+ Kxd5 46. Ka5 f4 47. gxf4 gxf4 48. b5 f3 49. b6 f2 50. b7 f1Q 51. b8Q Qa1+ 52. Kb6 Qb2+ 53. Kc7 Qxb8+ 54. Kxb8 h5 55. h4 Ke4 56. Kc7 Kf4 57. Kd6 Kg4 58. Ke5 Kxh4 59. Kf4 Kh3 60. Kf3 Kh2 61. Kf2 h4 62. Kf1 h3 63. Kf2 Kh1 64. Kf1 h2 1/2-1/2

[Event "ESP-ch U18 Rapid"]
[Site "Salobrena"]
[Date "2022.08.07"]
[Round "5"]
[White "Villalba Embid, Marcos"]
[Black "Batalla Dominguez, Belen"]
[Result "1-0"]
[WhiteElo "1642"]
[BlackElo "1096"]
[PlyCount "106"]
[EventDate "2022.08.06"]
[EventType "swiss (rapid)"]
[EventRounds "9"]
[EventCountry "ESP"]
[SourceTitle "EXT 2023"]
[Source "ChessBase"]
[SourceDate "2022.10.05"]
[SourceVersion "1"]
[SourceVersionDate "2022.10.05"]
[SourceQuality "1"]

1. Nf3 Nf6 2. b3 e6 3. Bb2 d5 4. e3 Be7 5. Be2 0-0 6. 0-0 c5 7. c4 Nc6 8. cxd5 Nxd5 9. Na3 a6 10. Nc4 b5 11. Nce5 Nxe5 12. Nxe5 Bf6 13. d4 cxd4 14. Bxd4 Bb7 15. Bf3 Qe7 16. Rc1 Rac8 17. Qd2 Rfd8 18. Rxc8 Rxc8 19. Rc1 Qb4 20. Rxc8+ Bxc8 21. Qc1 Qf8 22. Bxd5 exd5 23. Nf3 Bxd4 24. Nxd4 h6 25. Qc6 Qd8 26. h3 Qd7 27. Qxd7 Bxd7 28. Kf1 Kf8 29. Ke2 Ke7 30. Kd3 Kd6 31. b4 g6 32. a3 f5 33. Nb3 Bc8 34. Kd4 g5 35. f4 g4 36. h4 h5 37. g3 Bd7 38. Nc5 Bc8 39. a4 bxa4 40. Nxa4 Bd7 41. Nb6 Be6 42. Na4 Bd7 43. Nc5 Bc8 44. Kc3 a5 45. Nb3 a4 46. Nd4 Bd7 47. Kb2 Bc8 48. Ka3 Bd7 49. b5 Kc5 50. Kxa4 Kc4 51. Ka5 Kd3 52. b6 Bc8 53. Nxf5 Bd7 1-0

[Event "ESP-ch U18"]
[Site "Salobrena"]
[Date "2022.08.03"]
[Round "5"]
[White "Escartin Lacasa, Jose"]
[Black "Villalba Embid, Marcos"]
[Result "0-1"]
[WhiteElo "2296"]
[BlackElo "2127"]
[PlyCount "45"]
[EventDate "2022.08.01"]
[EventType "swiss"]
[EventRounds "9"]
[EventCountry "ESP"]
[SourceTitle "EXT 2023"]
[Source "ChessBase"]
[SourceDate "2022.10.05"]
[SourceVersion "1"]
[SourceVersionDate "2022.10.05"]
[SourceQuality "1"]

1. d4 Nf6 2. Nf3 e6 3. g3 Be7 4. Bg2 0-0 5. 0-0 d5 6. c4 dxc4 7. Qc2 a6 8. a4 Bd7 9. Rd1 Bc6 10. Nc3 Bxf3 11. Bxf3 Nc6 12. Bxc6 bxc6 13. a5 Rb8 14. Qa4 Rb4 15. Qxc6 Qd6 16. Qf3 c5 17. Bf4 Qd7 18. dxc5 Qa7 19. c6 Rxb2 20. c7 Rb7 21. Be3 Qa8 22. Bb6 Qc8 23. Rd8 0-1

[Event "ESP-ch U18"]
[Site "Salobrena"]
[Date "2022.08.02"]
[Round "3"]
[White "Ruiz Buendia, Miguel"]
[Black "Villalba Embid, Marcos"]
[Result "1-0"]
[WhiteElo "2325"]
[BlackElo "2127"]
[PlyCount "95"]
[EventDate "2022.08.01"]
[EventType "swiss"]
[EventRounds "9"]
[EventCountry "ESP"]
[SourceTitle "EXT 2023"]
[Source "ChessBase"]
[SourceDate "2022.10.05"]
[SourceVersion "1"]
[SourceVersionDate "2022.10.05"]
[SourceQuality "1"]

1. e4 c5 2. Nf3 d6 3. d4 cxd4 4. Nxd4 Nf6 5. Nc3 a6 6. Be3 e5 7. Nb3 Be6 8. f3 Be7 9. Qd2 0-0 10. 0-0-0 Nbd7 11. g4 b5 12. g5 Nh5 13. Kb1 f6 14. Nd5 Bxd5 15. Qxd5+ Kh8 16. gxf6 Nhxf6 17. Qe6 Re8 18. h4 Bf8 19. Qf5 g6 20. Qg5 Nh5 21. Qxd8 Raxd8 22. Bh3 Nc5 23. Bg5 Ra8 24. Nxc5 dxc5 25. Rd7 h6 26. Be3 Nf4 27. Bxf4 exf4 28. Rg1 Rad8 29. a4 Rxd7 30. Bxd7 Rd8 31. Bc6 b4 32. Rxg6 Rd6 33. Rxd6 Bxd6 34. Ka2 c4 35. Bd5 b3+ 36. cxb3 cxb3+ 37. Kxb3 a5 38. Kc4 Kg7 39. Bc6 Kf6 40. Kd5 Bb4 41. e5+ Ke7 42. Ke4 Bd2 43. Kf5 Bc1 44. Bd5 Be3 45. b3 Bd2 46. h5 Be3 47. Kg6 Bd4 48. e6 1-0

[Event "Aragon-chT Honor Gr II"]
[Site "Aragon"]
[Date "2022.02.19"]
[Round "4.3"]
[White "Lacruz Algarate, Alvaro"]
[Black "Villalba Embid, Marcos"]
[Result "1/2-1/2"]
[WhiteElo "2097"]
[BlackElo "2058"]
[PlyCount "77"]
[EventDate "2022.01.29"]
[EventType "team-tourn"]
[EventRounds "7"]
[EventCountry "ESP"]
[SourceTitle "EXT 2024"]
[Source "ChessBase"]
[SourceDate "2023.10.10"]
[SourceVersion "1"]
[SourceVersionDate "2023.10.10"]
[SourceQuality "1"]
[WhiteTeam "Palacio de Pioneros"]
[BlackTeam "IberCaja"]
[WhiteTeamCountry "ESP"]
[BlackTeamCountry "ESP"]

1. e4 c5 2. Nf3 d6 3. Bb5+ Nd7 4. d4 cxd4 5. Qxd4 a6 6. Bxd7+ Bxd7 7. 0-0 e5 8. Qd3 Rc8 9. c4 Qc7 10. Na3 h6 11. b3 Nf6 12. Nc2 b5 13. Ne3 Qb7 14. Nd2 Be7 15. Re1 0-0 16. Ba3 Rfd8 17. Rac1 Be6 18. Nd5 Nxd5 19. cxd5 Bd7 20. Bb4 Qb6 21. Qe3 Qxe3 22. fxe3 Rxc1 23. Rxc1 Rc8 24. Rxc8+ Bxc8 25. Nf3 Kf8 26. Kf2 Ke8 27. h3 h5 28. Ne1 f5 29. Kf3 g6 30. exf5 gxf5 31. e4 Bd7 32. Nc2 f4 33. Ne1 Bc8 34. Nd3 Kd7 35. Ba5 Bh4 36. Nc1 Ke7 37. Ne2 Bd7 38. Ng1 Be8 39. Ne2 1/2-1/2

[Event "ESP-ch U16"]
[Site "Salobrena"]
[Date "2021.07.23"]
[Round "7"]
[White "Roca Planas, Edgar"]
[Black "Villalba Embid, Marcos"]
[Result "1/2-1/2"]
[WhiteElo "2032"]
[BlackElo "2144"]
[PlyCount "60"]
[EventDate "2021.07.19"]
[EventType "swiss"]
[EventRounds "9"]
[EventCountry "ESP"]
[SourceTitle "EXT 2022"]
[Source "ChessBase"]
[SourceDate "2021.10.06"]
[SourceVersion "1"]
[SourceVersionDate "2021.10.06"]
[SourceQuality "1"]

1. e4 c5 2. Nf3 d6 3. d4 cxd4 4. Nxd4 Nf6 5. Nc3 a6 6. h3 e5 7. Nde2 h5 8. g3 Be7 9. Bg2 b5 10. a4 b4 11. Nd5 Nxd5 12. Qxd5 Ra7 13. Be3 Be6 14. Qd2 Rb7 15. f4 a5 16. b3 Qc8 17. f5 Bd7 18. 0-0 Bc6 19. Rad1 Rd7 20. c4 Qb7 21. Qc2 Na6 22. Nc1 h4 23. g4 Nc5 24. Rd5 Bxd5 25. exd5 Qc8 26. Nd3 Nxd3 27. Qxd3 Rc7 28. Be4 f6 29. Kg2 Rc5 30. Kf3 Kd7 1/2-1/2

[Event "ESP-ch U16"]
[Site "Salobrena"]
[Date "2021.07.19"]
[Round "2"]
[White "Villalba Embid, Marcos"]
[Black "Perez Garcia, Jimena"]
[Result "0-1"]
[WhiteElo "2144"]
[BlackElo "1843"]
[PlyCount "64"]
[EventDate "2021.07.19"]
[EventType "swiss"]
[EventRounds "9"]
[EventCountry "ESP"]
[SourceTitle "EXT 2022"]
[Source "ChessBase"]
[SourceDate "2021.10.06"]
[SourceVersion "1"]
[SourceVersionDate "2021.10.06"]
[SourceQuality "1"]

1. e4 c5 2. Nf3 d6 3. d4 cxd4 4. Nxd4 Nf6 5. Nc3 g6 6. Be3 Bg7 7. f3 Nc6 8. Qd2 Bd7 9. Bc4 Rc8 10. Bb3 h5 11. 0-0-0 Na5 12. Kb1 Nc4 13. Bxc4 Rxc4 14. Qd3 Qc8 15. h3 h4 16. f4 Rh5 17. Rhf1 Rhc5 18. Nde2 Rc6 19. Bd4 b5 20. Bxf6 Bxf6 21. Nd5 Bg7 22. f5 gxf5 23. exf5 Be5 24. f6 Rxc2 25. Nec3 Rxg2 26. Qh7 Be6 27. fxe7 b4 28. Rde1 Rg1 29. Rxg1 Bf5+ 30. Ka1 Bxh7 31. Ne4 Qf5 32. Rgf1 Qxf1 0-1

[Event "ESP-chT Regional U16"]
[Site "Gijon"]
[Date "2021.06.20"]
[Round "6.2"]
[White "Villalba Embid, Marcos"]
[Black "Moll Gener, Joan"]
[Result "1-0"]
[WhiteElo "2020"]
[BlackElo "2082"]
[PlyCount "83"]
[EventDate "2021.06.17"]
[EventType "team-swiss"]
[EventRounds "6"]
[EventCountry "ESP"]
[SourceTitle "EXT 2022"]
[Source "ChessBase"]
[SourceDate "2021.10.06"]
[SourceVersion "1"]
[SourceVersionDate "2021.10.06"]
[SourceQuality "1"]
[WhiteTeam "Aragon U16"]
[BlackTeam "Baleares U16"]
[WhiteTeamCountry "ESP"]
[BlackTeamCountry "ESP"]

1. e4 c5 2. Nf3 d6 3. d4 cxd4 4. Nxd4 Nf6 5. Nc3 a6 6. Be3 e6 7. f3 Nbd7 8. Qd2 b5 9. a4 b4 10. Na2 d5 11. Nxb4 dxe4 12. Be2 Qc7 13. 0-0 Bd6 14. f4 0-0 15. Rfd1 e5 16. Ne6 Bxb4 17. Nxc7 Bxd2 18. Rxd2 Rb8 19. Nxa6 Bxa6 20. Bxa6 exf4 21. Bxf4 Rxb2 22. Bb5 Nb6 23. Be5 Rxb5 24. axb5 Nc4 25. Bxf6 Nxd2 26. b6 e3 27. b7 e2 28. Be5 f6 29. b8Q fxe5 30. Qxf8+ Kxf8 31. Kf2 Kf7 32. Kxe2 Ne4 33. Kd3 Nd6 34. Ra7+ Kf6 35. Rd7 Nf5 36. g4 Nh4 37. c4 Ng2 38. g5+ Kg6 39. c5 Nf4+ 40. Ke3 Ne6 41. c6 Kxg5 42. c7 1-0

[Event "Aragon-chT Honor Gr I"]
[Site "Aragon"]
[Date "2021.05.01"]
[Round "6.14"]
[White "Villalba Embid, Marcos"]
[Black "Romero Pallares, Daniel"]
[Result "1/2-1/2"]
[WhiteElo "2020"]
[BlackElo "2203"]
[PlyCount "96"]
[EventDate "2021.03.13"]
[EventType "team-tourn"]
[EventRounds "7"]
[EventCountry "ESP"]
[SourceTitle "EXT 2024"]
[Source "ChessBase"]
[SourceDate "2023.10.10"]
[SourceVersion "1"]
[SourceVersionDate "2023.10.10"]
[SourceQuality "1"]
[WhiteTeam "IberCaja"]
[BlackTeam "Palacio de Pioneros"]
[WhiteTeamCountry "ESP"]
[BlackTeamCountry "ESP"]

1. e4 e5 2. Nf3 Nc6 3. Bc4 Nf6 4. d3 h6 5. 0-0 d6 6. c3 g5 7. Nbd2 Bg7 8. Bb3 Qe7 9. Nc4 Be6 10. Ne3 Qd7 11. Ba4 a6 12. d4 b5 13. Bc2 exd4 14. cxd4 d5 15. e5 Ng8 16. a4 Rb8 17. axb5 axb5 18. Ne1 Nb4 19. Nd3 Nxd3 20. Qxd3 Ne7 21. b4 h5 22. Bd2 Bh6 23. h4 Ng6 24. g3 gxh4 25. f4 hxg3 26. f5 Nf4 27. Rxf4 Bxf4 28. fxe6 Bxe3+ 29. Qxe3 Qxe6 30. Qxg3 Kd7 31. Qf2 Rhg8+ 32. Kh2 Ke8 33. Bf5 Qe7 34. Ra6 Rf8 35. Bh6 Rg8 36. e6 f6 37. Bd2 Rd8 38. Qe2 Qg7 39. Qxb5+ Ke7 40. Qc5+ Ke8 41. Qc6+ Kf8 42. Bh6 Qxh6 43. e7+ Kg7 44. exd8Q Qf4+ 45. Kh1 Qf1+ 46. Kh2 Qf2+ 47. Kh1 Qf1+ 48. Kh2 Qf2+ 1/2-1/2